| 000 | 00481nam a2200181 a 4500 | ||
|---|---|---|---|
| 001 | 39542 | ||
| 005 | 20180714013127.0 | ||
| 008 | 140415s1969 000 0 spa d | ||
| 041 | _aspa | ||
| 082 |
_a336.2 _bKAL |
||
| 100 | 1 | _aKALDOR, NICHOLAS | |
| 245 | 1 | 0 | _aIMPUESTO AL GASTO |
| 260 |
_a[s.l.] : _bFONDO DE CULTURA ECONOMICA, _c1969 |
||
| 300 | _a250 | ||
| 490 | _aSECCION DE OBRAS DE ECONOMIA | ||
| 650 | 1 | 4 | _aIMPUESTOS |
| 700 | 1 |
_aPIMENTEL, RUBEN C. _etr. |
|
| 999 |
_c39542 _d39542 |
||